[Event "FRA-chT2 0304"]
[Site "France"]
[Date "2004.01.18"]
[Round "6"]
[White "Alanic, Mickael"]
[Black "Calas, Bernard"]
[Result "1-0"]
[WhiteElo "2139"]
[BlackElo "2202"]
[PlyCount "145"]
[EventDate "2003.10.??"]
[EventType "team"]
[EventRounds "11"]
[EventCountry "FRA"]
[SourceTitle "EXT 2005"]
[Source "ChessBase"]
[SourceDate "2004.11.15"]
[SourceVersion "1"]
[SourceVersionDate "2004.11.15"]
[SourceQuality "1"]
[WhiteTeam "Guingamp"]
[WhiteTeamCountry "FRA"]

1. e4 g6 2. Nf3 c5 3. c3 Bg7 4. d4 cxd4 5. cxd4 d5 6. exd5 Nf6 7. Bc4 Nxd5 8. Nc3 Nb6 9. Bb3 Nc6 10. Be3 0-0 11. 0-0 Na5 12. Re1 Nxb3 13. Qxb3 Be6 14. Qb4 a5 15. Qb5 Bc4 16. Qc5 Bd5 17. Rad1 h6 18. Bf4 Bxf3 19. gxf3 Rc8 20. Qxe7 Nd5 21. Qxd8 Rfxd8 22. Nxd5 Rxd5 23. Re2 Rf5 24. Be3 Rd8 25. Kg2 Rfd5 26. Red2 g5 27. Kg3 Bf8 28. f4 Bb4 29. Rc2 R8d7 30. fxg5 hxg5 31. f4 Bd6 32. Rcd2 gxf4+ 33. Bxf4 Rg5+ 34. Kf3 Rf5 35. Rg1+ Kf8 36. Rg4 Bb4 37. Rd3 Rfd5 38. Bh6+ Ke7 39. h4 f6 40. a3 Bd6 41. Rg7+ Kd8 42. Rxd7+ Kxd7 43. Kg4 Ke6 44. h5 f5+ 45. Kf3 Kf6 46. Bf4 Bf8 47. Rb3 b5 48. Re3 Bd6 49. Bxd6 Rxd6 50. Re5 Rxd4 51. Rxb5 Rd2 52. Rxa5 Rxb2 53. Ra6+ Kg5 54. h6 Rb3+ 55. Kf2 Rb7 56. a4 Kf4 57. Rg6 Ra7 58. Rg7 Rxa4 59. h7 Ra2+ 60. Kg1 Ra1+ 61. Kh2 Ra2+ 62. Rg2 Ra8 63. Rg8 Ra2+ 64. Kg1 Ra1+ 65. Kf2 Ra2+ 66. Ke1 Ra1+ 67. Ke2 Ra2+ 68. Kd3 Rh2 69. h8Q Rxh8 70. Rxh8 Kf3 71. Rf8 f4 72. Rf7 Kg3 73. Ke4 1-0

[Event "FRA-chT2 0304"]
[Site "France"]
[Date "2004.01.17"]
[Round "5"]
[White "Cousigne, Frederic"]
[Black "Alanic, Mickael"]
[Result "1-0"]
[WhiteElo "2227"]
[BlackElo "2139"]
[PlyCount "73"]
[EventDate "2003.10.??"]
[EventType "team"]
[EventRounds "11"]
[EventCountry "FRA"]
[SourceTitle "EXT 2005"]
[Source "ChessBase"]
[SourceDate "2004.11.15"]
[SourceVersion "1"]
[SourceVersionDate "2004.11.15"]
[SourceQuality "1"]

1. d4 Nf6 2. c4 d6 3. Nc3 Bf5 4. f3 c6 5. e4 Bg6 6. Be3 Na6 7. Bd3 Nc7 8. Nge2 e5 9. d5 Be7 10. Qd2 h6 11. h4 Nd7 12. Bf2 a5 13. Nc1 Nc5 14. Nb3 Nxb3 15. axb3 Na6 16. Ra3 Nc5 17. Na4 Nxa4 18. Rxa4 c5 19. Ke2 b6 20. Raa1 Bh7 21. g3 Kd7 22. Be3 Bf6 23. Qc2 Qe7 24. Kd2 Kc7 25. Qd1 g5 26. h5 Bg7 27. Qc2 Rhf8 28. Raf1 f6 29. f4 Rae8 30. fxg5 fxg5 31. b4 cxb4 32. Qa4 Ra8 33. Qc6+ Kb8 34. Qxb6+ Kc8 35. Rxf8+ Bxf8 36. Rf1 Bg7 37. c5 1-0

[Event "FRA-chT2 0304"]
[Site "France"]
[Date "2003.12.07"]
[Round "4"]
[White "Alanic, Mickael"]
[Black "Le Montagner, Yoann"]
[Result "1-0"]
[WhiteElo "2139"]
[BlackElo "2016"]
[PlyCount "93"]
[EventDate "2003.10.??"]
[EventType "team"]
[EventRounds "11"]
[EventCountry "FRA"]
[SourceTitle "EXT 2005"]
[Source "ChessBase"]
[SourceDate "2004.11.15"]
[SourceVersion "1"]
[SourceVersionDate "2004.11.15"]
[SourceQuality "1"]
[WhiteTeam "Guingamp"]
[BlackTeam "Rennes"]
[WhiteTeamCountry "FRA"]
[BlackTeamCountry "FRA"]

1. e4 d6 2. Nf3 e5 3. d4 exd4 4. Nxd4 Nf6 5. Nc3 Be7 6. Bc4 0-0 7. f3 Nfd7 8. Be3 Ne5 9. Bb3 c5 10. Nde2 c4 11. Ba4 a6 12. Qd5 Qc7 13. Nd4 Kh8 14. 0-0-0 Nbc6 15. Nxc6 bxc6 16. Qd4 Rb8 17. Kb1 Qb7 18. Bc1 Be6 19. f4 Ng4 20. f5 Bf6 21. Qd2 Bd7 22. Rhf1 Qb4 23. Qxd6 Bxc3 24. Qxb4 Rxb4 25. Rxd7 Rxa4 26. bxc3 Rb8+ 27. Ka1 Nf6 28. Re7 h6 29. Bf4 Rd8 30. Rb1 Ra5 31. Rb4 Rb5 32. a4 Rxb4 33. cxb4 Kg8 34. Ra7 Nxe4 35. Rxa6 c3 36. Rxc6 Rd4 37. Rc8+ Kh7 38. Be5 Rxb4 39. Bxc3 Rxa4+ 40. Kb2 Ra6 41. Rc4 Nd6 42. Rf4 Rb6+ 43. Kc1 Rb5 44. g4 h5 45. Bb4 Nc8 46. g5 f6 47. g6+ 1-0

[Event "Plancoet op 3rd"]
[Site "Plancoet"]
[Date "2003.07.30"]
[Round "5"]
[White "Le Roux, Jean Pierre"]
[Black "Alanic, Mickael"]
[Result "1/2-1/2"]
[WhiteElo "2442"]
[BlackElo "2073"]
[PlyCount "50"]
[EventDate "2003.07.26"]
[EventType "swiss"]
[EventRounds "9"]
[EventCountry "FRA"]
[SourceTitle "CBM 095 Extra"]
[Source "ChessBase"]
[SourceDate "2003.09.04"]
[SourceVersion "1"]
[SourceVersionDate "2003.09.04"]
[SourceQuality "1"]

1. d4 Nf6 2. Nf3 g6 3. g3 Bg7 4. Bg2 d6 5. 0-0 0-0 6. c4 Nbd7 7. Qc2 e5 8. Rd1 Re8 9. dxe5 dxe5 10. Nc3 c6 11. b4 e4 12. Nd4 Qe7 13. Rb1 Nb6 14. Qb3 Be6 15. Nxe6 Qxe6 16. Bg5 e3 17. Bxe3 Nxc4 18. Bd4 b5 19. a4 a6 20. e3 Rad8 21. Ne2 g5 22. h3 Ne4 23. Rbc1 Nxf2 24. Kxf2 Nxe3 25. Rd3 Qxb3 1/2-1/2

[Event "Plancoet op 3rd"]
[Site "Plancoet"]
[Date "2003.07.28"]
[Round "3"]
[White "Azadharf, Farrokh"]
[Black "Alanic, Mickael"]
[Result "1/2-1/2"]
[WhiteElo "2229"]
[BlackElo "2073"]
[PlyCount "49"]
[EventDate "2003.07.26"]
[EventType "swiss"]
[EventRounds "9"]
[EventCountry "FRA"]
[SourceTitle "CBM 095 Extra"]
[Source "ChessBase"]
[SourceDate "2003.09.04"]
[SourceVersion "1"]
[SourceVersionDate "2003.09.04"]
[SourceQuality "1"]

1. e4 c5 2. Nf3 d6 3. Bb5+ Bd7 4. Bxd7+ Qxd7 5. 0-0 g6 6. d4 cxd4 7. Qxd4 Nf6 8. Bg5 Bg7 9. Nc3 0-0 10. Qd2 Rd8 11. Rfe1 Nc6 12. Nd5 Nxd5 13. exd5 Ne5 14. Nxe5 dxe5 15. c4 f6 16. Be3 e6 17. Red1 exd5 18. cxd5 Bf8 19. Rac1 Bd6 20. f3 Qa4 21. b3 Qb5 22. Qf2 b6 23. Qh4 Kg7 24. Qh6+ Kg8 25. Qh4 1/2-1/2

[Event "Plancoet op 3rd"]
[Site "Plancoet"]
[Date "2003.07.26"]
[Round "1"]
[White "Alanic, Mickael"]
[Black "Kaulfuss, Helmut"]
[Result "0-1"]
[WhiteElo "2073"]
[BlackElo "2236"]
[PlyCount "70"]
[EventDate "2003.07.26"]
[EventType "swiss"]
[EventRounds "9"]
[EventCountry "FRA"]
[SourceTitle "CBM 095 Extra"]
[Source "ChessBase"]
[SourceDate "2003.09.04"]
[SourceVersion "1"]
[SourceVersionDate "2003.09.04"]
[SourceQuality "1"]

1. e4 Nc6 2. Nf3 d6 3. d3 g6 4. g3 Bg7 5. Bg2 e6 6. 0-0 Nge7 7. c3 0-0 8. Re1 e5 9. b4 a6 10. a3 h6 11. c4 Be6 12. Nc3 f5 13. Nd5 Qd7 14. Bb2 Rf7 15. Rc1 Raf8 16. Qb3 fxe4 17. dxe4 Bg4 18. Re3 Nd4 19. Nxd4 exd4 20. Rd3 Nxd5 21. cxd5 Rxf2 22. Bxd4 Bxd4 23. Rxd4 Qf7 24. Qe3 Re2 25. Qf4 Qg7 26. Qxg4 Qxd4+ 27. Kh1 Ref2 28. Qxg6+ Qg7 29. Qxg7+ Kxg7 30. Rxc7+ R8f7 31. Rc3 Ra2 32. Bh3 Rff2 33. Kg1 Rac2 34. Rc8 Rxh2 35. Be6 Rhg2+ 0-1

[Event "Naujac op 06th"]
[Site "Naujac"]
[Date "2003.07.03"]
[Round "6"]
[White "Alanic, Mickael"]
[Black "Seret, Jean Luc"]
[Result "0-1"]
[WhiteElo "2062"]
[BlackElo "2306"]
[PlyCount "84"]
[EventDate "2003.06.29"]
[EventType "swiss"]
[EventRounds "9"]
[EventCountry "FRA"]
[SourceTitle "EXT 2004"]
[Source "ChessBase"]
[SourceDate "2003.11.25"]
[SourceVersion "1"]
[SourceVersionDate "2003.11.25"]
[SourceQuality "1"]

1. e4 d6 2. Nf3 Nf6 3. d3 e5 4. g3 g6 5. Bg2 Bg7 6. 0-0 0-0 7. Nbd2 c6 8. Re1 Re8 9. Nf1 a6 10. h4 Nbd7 11. N3h2 d5 12. Qe2 dxe4 13. dxe4 Nc5 14. c3 Nd3 15. Rd1 Nxc1 16. Raxc1 Qa5 17. a3 Be6 18. c4 Rad8 19. Ne3 Bh6 20. Nhf1 Rd4 21. g4 Nxe4 22. g5 Bf8 23. b4 Qxa3 24. Nc2 Nc3 25. Qe3 Qb2 26. Rxd4 Qxc1 27. Rd3 Qxc2 28. Rxc3 Qb1 29. Rb3 Qa1 30. Qd3 Be7 31. Rb1 Bxc4 32. Qd7 Qxb1 33. Qxe8+ Bf8 34. Qxe5 Bxb4 35. h5 Bf8 36. h6 Qf5 37. Qg3 Bxf1 38. Bxf1 a5 39. Bd3 Qd5 40. Qe3 a4 41. Bc2 a3 42. Bb3 a2 0-1